Haryana census: (Record no. 508472)

000 -LEADER
fixed length control field 00319nam a22001097a 4500
082 ## - DEWEY DECIMAL CLASSIFICATION NUMBER
Classification number A81x54 In2/71/6 Pt.III TA
100 ## - MAIN ENTRY--PERSONAL NAME
Personal name Singh, Ardaman
9 (RLIN) 3810
245 ## - TITLE STATEMENT
Title Haryana census:
Remainder of title establishment report
Statement of responsibility, etc by Ardaman Singh
260 ## - PUBLICATION, DISTRIBUTION, ETC. (IMPRINT)
Place of publication, distribution, etc Delhi
Name of publisher, distributor, etc Controller of Publications
Date of publication, distribution, etc 1979
300 ## - PHYSICAL DESCRIPTION
Extent 99+p.
440 ## - SERIES STATEMENT/ADDED ENTRY--TITLE
Volume number/sequential designation Part IIIA
9 (RLIN) 3811
Holdings
Withdrawn status Lost status Source of classification or shelving scheme Damaged status Koha normalized classification for sorting Not for loan Permanent location Current location Date acquired Full call number Barcode Date last seen Price effective from Koha item type
        A_81X54_IN2_71_600000000000000_PT_III_TA   Indian Institute of Public Administration Indian Institute of Public Administration 2019-03-27 A81x54 In2/71/6 Pt.III TA GG33806 2019-03-27 2019-03-27 GG

Powered by Koha